Versão cidadã : (Record no. 1592)
[ view plain ]
| 000 -LÍDER | |
|---|---|
| Campo Fixo de Controle | 01126nam a2200241 a 4500 |
| 001 - NÚMERO DE CONTROLE | |
| Campo de Controle | 1592 |
| 003 - IDENTIFICAÇÃO DO NÚMERO DE CONTROLE | |
| Campo de Controle | BR-CuiBMT |
| 005 - DATA E HORA DA ÚLTIMA ATUALIZAÇÃO | |
| Campo de Controle | 20231216183521.0 |
| 008 - DADOS FIXOS | |
| Dados Fixos | 231128s2016 baba 000 0 por d |
| 040 ## - AGÊNCIA CATALOGADORA | |
| Código da Agência Catalogadora | BR-CuiBMT |
| Agência que transcreveu o registro | BR-CuiBMT |
| 080 ## - Nº DA CLASSIFICAÇÃO DECIMAL UNIVERSAL | |
| Nº Class. CDU | 351.94:336.148 |
| Subd. Auxiliar Comum | (813.8) |
| Nº edição CDU | 2007 |
| 090 ## - NÚMERO DE CHAMADA | |
| Nº classificação | 351.94:336.148(813.8) |
| Cutter | B151v |
| 110 1# - ENTRADA PRINCIPAL -- ENTIDADE | |
| Nome da entidade ou lugar | Bahia. |
| Unidade subordinada | Tribunal de Contas. |
| 245 10 - TÍTULO PRINCIPAL | |
| Título principal | Versão cidadã : |
| Subtítulo | relatório e parecer prévio do TCE/BA sobre as contas do chefe do Poder Executivo do Estado da Bahia : exercício 2015 / |
| Indicação de responsabilidade | Tribunal de Contas do Estado da Bahia ; João Evilásio Vasconcelos Bonfim, conselheiro relator. |
| 260 ## - PUBLICAÇÃO, DISTRIBUIÇÃO, ETC. | |
| Local de publicação | Salvador : |
| Editora | TCE-BA, |
| Data | 2016. |
| 300 ## - DESCRIÇÃO FÍSICA | |
| N. páginas ou volumes | 95 p. ; |
| Ilustrações | il. color. ; |
| Dimensões | 20 x 20 cm |
| 610 1# - ASSUNTO -- ENTIDADE | |
| Nome da Entidade ou lugar | Bahia. |
| Unidade subordinada | Tribunal de Contas |
| Subdivisão geral | Relatórios |
| 650 ## - ASSUNTO TÓPICO | |
| Cabeçalho tópico ou nome geográfico | Controle externo |
| Subdivisão de forma | Orçamento |
| Subdivisão geográfica | Bahia |
| 650 ## - ASSUNTO TÓPICO | |
| Cabeçalho tópico ou nome geográfico | Tribunais de contas |
| Subdivisão geral | Relatórios e pareceres |
| Subdivisão geográfica | Brasil |
| 700 1# - ENTRADA SECUNDÁRIA -- NOME PESSOAL | |
| Nome pessoal | Bonfim, João Evilásio Vasconcelos |
| 856 4# - LOCALIZAÇÃO E ACESSO ELETRÔNICO | |
| Endereço eletrônico (URI) | <a href="https://www.tce.ba.gov.br/files/flippingbook/cartilha_cidada_exercicio_2015/files/assets/common/downloads/publication.pdf">https://www.tce.ba.gov.br/files/flippingbook/cartilha_cidada_exercicio_2015/files/assets/common/downloads/publication.pdf</a> |
| Texto do link | Disponível também online. |
| Localização e acesso eletrônico | 16/12/2023 |
| 942 ## - ELEMENTOS DE ENTRADA ADICIONAIS (KOHA) | |
| Fonte de classificação ou esquema de arquivamento | Classificação Decimal Universal |
| Tipo de item do Koha | Livros |
| Estado: removido | Estado: perdido | Fonte de classificação ou esquema de arquivamento | Estado: danificado | Indisponível para empréstimo | Localização permanente | Localização atual | Data de aquisição | Total Checkouts | Número de Chamada completo | Código de barras | Date last seen | Número do exemplar | Preço efetivo a partir de | Tipo de item (Koha) |
|---|---|---|---|---|---|---|---|---|---|---|---|---|---|---|
| Classificação Decimal Universal | Biblioteca da Escola Superior de Contas do TCE/MT | Biblioteca da Escola Superior de Contas do TCE/MT | 16/12/2023 | 351.94:336.148(813.8) B151v | BIBTCEMT23120708 | 16/12/2023 | Ex. 1 | 16/12/2023 | Livros | |||||
| Classificação Decimal Universal | Biblioteca da Escola Superior de Contas do TCE/MT | Biblioteca da Escola Superior de Contas do TCE/MT | 16/12/2023 | 351.94:336.148(813.8) B151v | BIBTCEMT23120709 | 16/12/2023 | Ex. 2 | 16/12/2023 | Livros |